000
00338 a2200157 4500
001
71533
020
_a
8573114738
040
_c
Anchieta - Colégio São Paulo
100
_a
Furnari, Eva
240
1
0
_a
Caça-fumaça
_l
por
245
1
0
_a
Caça-fumaça
300
_a
[24]
362
0
_a
2003
650
4
_a
Literatura infantil
942
_c
BK
999
_c
71533
_d
71533